Score 0/10 Timer 01:00
3 Plays Today
% Correct
Delaware
89.8%
North Dakota
88.9%
South Dakota
88%
Florida
79%
Idaho
74.1%
Maryland
69.9%
Colorado
67.5%
Rhode Island
61.1%
Indiana
60.3%
Nevada
57.3%
Remove Ads.
Support Sporcle.
Get the best of Sporcle when you Go Orange. This ad-free experience offers more features, more stats, and more fun while also helping to support Sporcle. Thank you for becoming a member.

You're not logged in!

Compare scores with friends on all Sporcle quizzes.
OR
Log In

Show Comments

Extras

Top Quizzes Today


Score Distribution

Your Account Isn't Verified!

In order to create a playlist on Sporcle, you need to verify the email address you used during registration. Go to your Sporcle Settings to finish the process.

Report this User

Report this user for behavior that violates our Community Guidelines.

Details: